000 01195nam a2200325 i 4500
001 179558
003 ES-MaACL
005 20251003150828.0
008 111222s2010 sp a |||| |dspa d
020 _a978-84-8439-540-9
080 _a821.111 Ford, Richard 1.07
080 _a929 Ford, Richard
080 _a913(460)"18"
080 _a39(460)"18"
245 0 4 _aLas cosas de Richard Ford
_b: estampas varias sobre la vida y obra de un hispanista inglés en la España del siglo XIX /
_cCarmelo Medina Casado, José Ruiz Mas (eds.).
250 _a1ª ed.
260 _aJaén :
_bPublicaciones de la Universidad de Jaén,
_c2010.
300 _a308 p. :
_bil. ;
_c23 cm.
490 1 _aAlonso de Bonilla
504 _aReferencias bibliográficas.
600 1 7 _aFord, Richard,
_d1796-1858
_2
_9138801
651 4 _aEspaña-
_xDescripción-
_yS.XIX.
_98185
651 4 _aEspaña-
_xUsos y costumbres-
_yS.XIX.
_98521
700 1 _aMedina Casado, Carmelo.
_9148793
700 1 _aRuiz Mas, José.
_9148794
830 0 _aAlonso de Bonilla
_9224498
852 _aES-MaACL
_jA-11787
_9186455
_bR.146791
_cDEPO1
_dOlim: N-4792
942 _2udc
_cMONOGRAFIA
999 _c179558
_d179558